000 00761nam a2200193Ii 4500
003 JO-AjNU
008 230605s9999||||xx |||||||||||||| ||und||
040 _aJO-AjNU
_bara
_erda
_cJO-AjNU
041 _aara
050 1 4 _aBP127 2014
100 3 _aوقفية طيبة لاحياء التراث الاسلامي,
_eauthor
_958339
245 0 0 _aمصحف الملك الحسين = MUS,HAF OF KING HUSSEIN
264 3 1 _aعمان - الاردن: وقفية طيبة لاحياء البراث الاسلامي، 2014
300 _a75ص
_bيشتمل على صور توضيحية وآيات قرانية
336 _atext
_btxt
_2rdacontent
337 _aunmediated
_bn
_2rdamedia
338 _avolume
_bnc
_2rdacarrier
650 4 _aالمصحف الشريف
_958340
999 _aA26193
_c29761
_d29761